000 01058nam a2200277 i 4500
001 bg
100 1 _aSINGLETON, Paul
245 1 0 _aBakterie w biologii, biotechnologii i medycynie /
_cPaul Singleton ; tł. zbiorowe pod red. nauk. Zdzisława Markiewicza ; zespół tł. Jadwiga Baj [et al.].
246 _iTyt. oryg.:
_aBacteria in biology, biotechnology, and medicine
260 _aWarszawa :
_bWydaw. Naukowe PWN,
_c2000.
300 _aXI, [1], 472, [4] s. :
_bil. ;
_c24 cm.
500 _aTyt. oryg.: "Bacteria in biology, biotechnology, and medicine" 1999.
504 _aIndeks.
521 _aPodręcznik akademicki.
650 9 _aBakteriologia
655 _aPodręczniki akademickie
700 1 _aMARKIEWICZ, Zdzisław.
_eRed.
020 _a8301132124
040 _cBPK
041 1 _apl
_hen
080 _a579.8(075.8)
920 _a83-01-13212-4
942 _cKS
008 s pl f |000 0 pol
999 _c41114
_d41114
856 _uhttp://koha.tu.koszalin.pl/cgi-bin/koha/opac-detail.pl?biblionumber=41114
_yKatalog online BPK